| 000 | 00668nam a2200121Ia 4500 | ||
|---|---|---|---|
| 008 | 220620s9999||||xx |||||||||||||| ||und|| | ||
| 100 | _aSrebrnik, Henry Felix | ||
| 245 | 0 |
_aDreams of Nationhood _bAmerican Jewish Communists and the Soviet Birobidzhan Project, 1924-1951 |
|
| 546 | _aEnglish[eng] | ||
| 650 | _aHistory||History||Birobidzhan||Jews||Judaism||New York (state)||Organization for Jewish Colonization in Russia||Soviet Union | ||
| 856 | _uhttps://library.oapen.org/bitstream/20.500.12657/30923/1/641419.pdf||https://library.oapen.org/bitstream/20.500.12657/30923/1/641419.pdf||https://library.oapen.org/bitstream/20.500.12657/30923/1/641419.pdf | ||
| 942 | _cEB | ||
| 999 |
_c27195 _d27195 |
||